000 00585nam a22001817a 4500
005 20140620120701.0
010 _aENG-108341
020 _a9788191045710
_c395.00
035 _aEN-91874
037 _bDBAD/PUB
082 _a230.31
100 _aVenkataraman,M.
245 _aYathni's travel to Kailash /
_cby M. Venkataraman
260 _aBangalore
_bAuthor
_c2012
270 _aG-10, Ground Floor, Innovative Timberleaf, Somasundarapalaya, H.S.R. Layout, Sector II
_bBangalore
_e560102
300 _aviii,140p. :
_bill.
_c22cm(pbk)
942 _2ddc
_cEN
_h230.31
_mVEN
999 _c78717
_d78717